<?xml version="1.0" encoding="UTF-8"?>
<marc:record xmlns:marc="http://www.loc.gov/MARC21/slim">
   <marc:leader>00000nam a2200000 a 4500</marc:leader>
   <marc:datafield ind1="1" ind2=" " tag="100">
      <marc:subfield code="a">Lamprecht, Johnny</marc:subfield>
      <marc:subfield code="4">aut</marc:subfield>
      <marc:subfield code="e">Verfasser/-in</marc:subfield>
   </marc:datafield>
   <marc:datafield ind1=" " ind2=" " tag="653">
      <marc:subfield code="a">Musik</marc:subfield>
   </marc:datafield>
   <marc:datafield ind1=" " ind2=" " tag="653">
      <marc:subfield code="a">Noten</marc:subfield>
   </marc:datafield>
   <marc:datafield ind1=" " ind2=" " tag="653">
      <marc:subfield code="a">Instrumente</marc:subfield>
   </marc:datafield>
   <marc:datafield ind1="0" ind2="0" tag="245">
      <marc:subfield code="a">Trommelzauber</marc:subfield>
   </marc:datafield>
   <marc:datafield ind1="0" ind2="0" tag="245">
      <marc:subfield code="b">Kinder lernen trommeln und erleben Afrika mit Liedern, Rhythmen, Tänzen, Geschichten und Spielen</marc:subfield>
   </marc:datafield>
   <marc:datafield ind1="0" ind2="0" tag="245">
      <marc:subfield code="c">Lamprecht, Johnny</marc:subfield>
   </marc:datafield>
   <marc:datafield ind1=" " ind2="1" tag="264">
      <marc:subfield code="a">Münster</marc:subfield>
      <marc:subfield code="b">Ökotopia-Verl.</marc:subfield>
      <marc:subfield code="c">2006</marc:subfield>
   </marc:datafield>
   <marc:datafield ind1="1" ind2=" " tag="520">
      <marc:subfield code="a">Erstmals stellt Johnny Lamprecht das von ihm begründete Konzept "Trommelzauber" ausführlich vor! Mit einer spielerisch-kreativen Herangehensweise bringt er Kindern zwischen 4 und 12 Jahren die Faszination des Trommelns nahe und führt sie gleichzeitig in afrikanische Kulturen ein.Einfache Schlagtechniken, eine kurze Rhythmus-Schule und Trommelspiele ermöglichen auch Trommelneulingen einen leichten Einstieg. Trommel-Lieder, Tänze, Geschichten, Bastelaktionen und Spiele lassen den "Schwarzen Kontinent" für Kinder lebendig werden.Stimmen zu "Trommelzauber":"Alle können ganz schnell mitmachen und gemeinsam musizieren. Fazit: gemeinsam erfolgreich sein."Marianne Steinfeld, Grundschul-Musiklehrerin, Preisträgerin von "Musikleben in der Schule" 2004"Die authentische und fantasievolle Art, mit der der "Weißkopf" Johnny Lamprecht den Kindern in Deutschland das Thema "Afrika" kindgerecht näher bringt, macht mich froh und stolz, Afrikaner zu sein. Die leuchtenden Kinderaugen und die begeisterten Erwachsenen werde ich nie vergessen." Prof. Dr. Domitien Ndihokubwayo, Ethnologe, Bujumbura, Burundi</marc:subfield>
   </marc:datafield>
   <marc:datafield ind1=" " ind2=" " tag="020">
      <marc:subfield code="a">9783936286861</marc:subfield>
      <marc:subfield code="9">9783936286861</marc:subfield>
   </marc:datafield>
   <marc:datafield ind1=" " ind2=" " tag="041">
      <marc:subfield code="a">ger</marc:subfield>
   </marc:datafield>
   <marc:datafield ind1=" " ind2=" " tag="300">
      <marc:subfield code="b">Ill., Noten</marc:subfield>
   </marc:datafield>
   <marc:datafield ind1="1" ind2=" " tag="521">
      <marc:subfield code="a">Jugend</marc:subfield>
   </marc:datafield>
   <marc:datafield ind1=" " ind2=" " tag="338">
      <marc:subfield code="a">Band</marc:subfield>
   </marc:datafield>
   <marc:datafield ind1=" " ind2=" " tag="300">
      <marc:subfield code="a">122 S.</marc:subfield>
   </marc:datafield>
</marc:record>
